000
00275nam a22000977a 4500
999
_c
10930
_d
10930
008
180409b ||||| |||| 00| 0 eng d
020
_a
9788178556888
100
_a
Sood, Ranju
_9
4613
245
_a
Foundation of Information Technology
260
_a
New Delhi
_b
Arya Publication
_c
2015